Minecraft Biome - Statistiken

Allgemein
  • Dieses Quiz wurde 224 mal gespielt
  • Das Durchschnittsergebnis liegt bei 7 aus 66
Antwortstatistiken
Biome % Korrekt
Wüste
65%
Warmer Ozean
47%
Kalter Ozean
40%
Birkenwald
38%
Wald
37%
Dschungel
34%
Savanne
32%
Ozean
30%
Sumpf
30%
Taiga
27%
Lauwarmer Ozean
21%
Ebene
19%
Basaltdelta
18%
Fluss
17%
Strand
16%
Das Ende
12%
Blumenwald
10%
Seelensandtal
10%
Tafelberge
8%
Tiefes Dunkel
8%
Wirrwald
8%
Karmesinwald
7%
Tiefsee
7%
Mangrovensumpf
6%
Nether-Ödland
5%
Alm
4%
Bambusdschungel
4%
Die Leere
4%
Kalte Tiefsee
4%
Lauwarme Tiefsee
4%
Pilzland
4%
Sonnenblumenebene
4%
Üppige Höhlen
4%
Verschneite Taiga
4%
Warme Tiefsee
4%
Bewaldete Tafelberge
3%
Birken-Urwald
3%
Dichter Wald
3%
Eiszapfentundra
3%
End-Hochland
3%
Tropfsteinhöhlen
3%
Vereister Ozean
3%
Vereiste Tiefsee
3%
Verschneite Ebene
3%
Berghain
2%
End-Mittelland
2%
Fichten-Urtaiga
2%
Kiefern-Urtaiga
2%
Kleine Endinseln
2%
Lichter Dschungel
2%
Steinige Gipfel
2%
Steinige Küste
2%
Vereiste Gipfel
2%
Vereister Fluss
2%
Verschneite Hänge
2%
Verschneiter Strand
2%
Zerzauste Hügel
2%
Zerzauste Savanne
2%
Abgetragene Tafelberge
1%
Bergrand
1%
End-Kargland
1%
Kirschberghain
1%
Savannenhochebene
1%
Zerklüftete Gipfel
1%
Zerzauste Geröllhügel
1%
Zerzauster Wald
1%
Keine übereinstimmenden Quizze gefunden
Verteilung der Resultate
Anzahl Personen mit jedem Resultat
Perzentil nach korrekt beantworteten Fragen
Ihre Resultats-Entwicklung
Sie haben dieses Quiz noch nicht gespielt